Things seen and unseen : (Record no. 19526)

MARC details
000 -LEADER
fixed length control field 01109cam a2200313 a 4500
001 - CONTROL NUMBER
control field 1949815
003 - CONTROL NUMBER IDENTIFIER
control field BDDh-ASL
005 - DATE AND TIME OF LATEST TRANSACTION
control field 20231015025803.0
008 - FIXED-LENGTH DATA ELEMENTS--GENERAL INFORMATION
fixed length control field 870709s1988 ilu b 001 0 eng
010 ## - LIBRARY OF CONGRESS CONTROL NUMBER
LC control number 87019069
020 ## - INTERNATIONAL STANDARD BOOK NUMBER
International Standard Book Number 0226317064 :
Terms of availability $40.00
020 ## - INTERNATIONAL STANDARD BOOK NUMBER
International Standard Book Number 0226317072 (pbk.) :
Terms of availability $14.95
040 ## - CATALOGING SOURCE
Original cataloging agency DLC
Transcribing agency DLC
Modifying agency BDDh-ASL
043 ## - GEOGRAPHIC AREA CODE
Geographic area code a-ja---
050 00 - LIBRARY OF CONGRESS CALL NUMBER
Classification number DS822.2
Item number .H313 1988
082 00 - DEWEY DECIMAL CLASSIFICATION NUMBER
Classification number 001.10952
Edition number 19
Item number HAT
100 1# - MAIN ENTRY--PERSONAL NAME
Personal name Harootunian, Harry D.,
Dates associated with a name 1929-
245 10 - TITLE STATEMENT
Title Things seen and unseen :
Remainder of title discourse and ideology in Tokugawa nativism /
Statement of responsibility, etc. H.D. Harootunian.
260 ## - PUBLICATION, DISTRIBUTION, ETC.
Place of publication, distribution, etc. Chicago :
Name of publisher, distributor, etc. University of Chicago Press,
Date of publication, distribution, etc. 1988.
300 ## - PHYSICAL DESCRIPTION
Extent xii, 494 p. :
Dimensions 24 cm.
500 ## - GENERAL NOTE
General note Includes index.
504 ## - BIBLIOGRAPHY, ETC. NOTE
Bibliography, etc. note Bibliography: p. 441-460.
650 #0 - SUBJECT ADDED ENTRY--TOPICAL TERM
Topical term or geographic name entry element Kokugaku.
651 #0 - SUBJECT ADDED ENTRY--GEOGRAPHIC NAME
Geographic name Japan
General subdivision Intellectual life
Chronological subdivision 1600-1868.
856 42 - ELECTRONIC LOCATION AND ACCESS
Materials specified Publisher description
Uniform Resource Identifier <a href="http://www.loc.gov/catdir/enhancements/fy0608/87019069-d.html">http://www.loc.gov/catdir/enhancements/fy0608/87019069-d.html</a>
856 41 - ELECTRONIC LOCATION AND ACCESS
Materials specified Table of contents only
Uniform Resource Identifier <a href="http://www.loc.gov/catdir/enhancements/fy0608/87019069-t.html">http://www.loc.gov/catdir/enhancements/fy0608/87019069-t.html</a>
906 ## - LOCAL DATA ELEMENT F, LDF (RLIN)
a 7
b cbc
c orignew
d 1
e ocip
f 19
g y-gencatlg
942 ## - ADDED ENTRY ELEMENTS (KOHA)
Source of classification or shelving scheme Dewey Decimal Classification
Koha item type Books
Holdings
Withdrawn status Lost status Source of classification or shelving scheme Damaged status Not for loan Collection code Home library Current library Shelving location Date acquired Source of acquisition Total Checkouts Full call number Barcode Date last seen Copy number Price effective from Koha item type Public note
    Dewey Decimal Classification   Not For Loan Non-fiction Asiatic Society Library Asiatic Society Library Ludden Collection 12/08/2020 Donated by Prof. David Ludden   001.10952 HAT 102872 12/08/2020 C-1 12/08/2020 Books RARE

Powered by Koha